| 000 | 01654nam0a2200349 i 4500 | ||
|---|---|---|---|
| 001 | RU\NLR\BIBL_A\010707569 | ||
| 005 | 20241104145504.0 | ||
| 010 |
_a9785000080160 _9300 |
||
| 021 |
_aRU _b2015-7360 _9461 |
||
| 035 | _a(NILC)RuMoRGB-007863721 | ||
| 035 | _a(NLR Aleph) 010707569 | ||
| 090 |
_a9753781 _c9753781 |
||
| 100 | _a20150326d2014 km y0rusy50 ca | ||
| 101 | 0 | _arus | |
| 102 | _aRU | ||
| 105 | _aac||z||||01yy | ||
| 200 | 1 |
_aВерховный Совет Мордовии (1938-1994 гг.) _dThe Supreme Soviet of Mordovia (1938-1994) _eмонография _fЮ. М. Морозова _zeng |
|
| 210 |
_aСаранск _cНИИ гуманитарных наук при Правительстве Республики Мордовия _d2014 |
||
| 215 |
_a162 с., [8] л. ил., портр. _d21 |
||
| 300 | _aАвт. также на англ. яз.: Yu. M. Morozova | ||
| 320 | _aБиблиогр.: с. 146-162 и в примеч. в конце гл. | ||
| 510 | 1 |
_6z11790 _aSupreme Soviet of Mordovia (1938-1994) _zeng |
|
| 601 | 0 | 1 |
_aМордовская АССР _bВерховный Совет _92227858 _3RU\NLR\AUTH\6601570072 |
| 686 | 1 | _aХ620.611.33Мо | |
| 700 | 1 |
_aМорозова _bЮ. М. _gЮлия Михайловна |
|
| 790 | 1 |
_6z11510 _aMorozova _bJu. M. _gJulija Michajlovna |
|
| 801 | 0 |
_aRU _bРГБ _c20150210 _gRCR |
|
| 942 | _cBOOK | ||
| 980 | _aNBR | ||